O soldadinho de chumbo (Registo nº 1960)

Detalhes MARC
000 -Etiqueta do registo
Cabeçalho 00976nam a22003131 4500
005 - Identificador da versão
Campo de controlo 20240813121920.0
095 ## -
-- PTBN00130455
021 ## - Número do Depósito Legal
Código do país PT
Número 22206/88
100 ## - Dados gerais de processamento
Dados gerais de processamento 20070618d1988 c y0pory5003 ba
102 ## - Pais de publicação ou produção
País de publicação Portugal
101 1# - Língua de publicação
Língua do texto, banda sonora, etc. Português
106 ## - Campo de dados codificados: material textual
Dados codificados do material textual r
105 ## - Campo de dados codificados: livros
Dados codificados dos livros a z 000fy
215 ## - Descrição física 
Indicação específica da natureza do documento e extensão da espécie [27] p.
Outras indicações físicas muito il.
Dimensões 20 cm
200 1# - Titulo e menção de responsabilidade
Título próprio O soldadinho de chumbo
Primeira menção de responsabilidade il. Augustí Asensio
Outras menções de responsabilidade adapt. à lingua portuguesa por Isabel Patrícia e Martins da Rocha
-- trad. Espirídia Viterbo
225 2# - Colecção 
Título próprio da colecção Contos de sempre
Indicação de volume 3
210 ## - Publicação, Distribuição, etc. 
Lugar da edição, distribuição, etc. Porto
Nome do editor, distribuidor, etc. Edinter
Data da publicação, distribuição, etc. 1988
606 ## - Nome comum usado como assunto
Número de registo de entrada de autoridade 0000001
Palavra de ordem Literatura estrangeira infantil
Subdivisão de assunto Conto
675 ## - Classificação Decimal Universal (CDU)
Notação 82-34
Edição
Língua da edição por
702 #1 - Nome de autor-pessoa física (responsabilidade secundária)
Número de registo de entrada de autoridade 0000602
Palavra de ordem Patrícia
Outra parte do nome não tomada para palavra de ordem Isabel
Código de função Adaptador
Número de registo de entrada de autoridade 0000478
Palavra de ordem Rocha
Outra parte do nome não tomada para palavra de ordem Martins da
Código de função Adaptador
Número de registo de entrada de autoridade 0000603
Palavra de ordem Viterbo
Outra parte do nome não tomada para palavra de ordem Maria Espirídia
Código de função Tradutor
700 #1 - Nome de autor-pessoa física (responsabilidade principal)
Número de registo de entrada de autoridade 0000604
Palavra de ordem Asensio
Outra parte do nome não tomada para palavra de ordem Augustí
942 ## - Elementos de entrada adicionados (Koha)
Tipo de item no Koha Livro
Exemplares
Situação do levantamento Origin of item (home branch) (coded) Biblioteca de empréstimo Código de barras Cota Circulation type (not for loan) Tipo de documento Nota do exemplar Damaged status
  Biblioteca Escolar da Coca Maravilhas Biblioteca Escolar da Coca Maravilhas BECM3167/96 8EST CON   Livro Sem mensagem